000 01916cam a22004574i 4500
003 PE-LiUPU
005 20250731172939.0
008 150623s r 000 0 d
020 _a0310593700
035 _a(Sirsi) i9780310593706
040 _aPE-LiUPU
_bspa
_cPE-LiUPU
_erda
049 _aPRUA
082 0 4 _a268.01
_bD95
_221
100 1 _aDowns, Perry G.,
_eautor.
245 1 0 _aTeaching for Spiritual Growth :
_ban introduction to Christian education /
_cPerry G. Downs.
264 1 _aMichigan :
_bZondervan Publishing House,
_c1994.
300 _a224 páginas ;
_c24 centímetros
336 _atext
_2rdacontent
337 _aunmediated
_2rdamedia
338 _avolume
_2rdacarrier
504 _aBibliografía al final de cada capítulo.
505 0 _aFoundational questions.- Teaching in Biblical perspecetive.- Modeling Our Teaching After Jesus.- Understanding God, Understanding People.- The Renewal of the Mind.- Developmentalism.- Cognitive Development.- Moral Development.- Faith Development.- Learning and Spiritual Growth.- Learning and Early Childhood Influences.- Learning by Interaction and Observation.- Learning by Logical Development.- Learning by Experience.- Teaching for Spiritual Growth.
526 _aSEG42
526 _aSEG41
526 _aSEG40
526 _aSEG39
526 _aP94
526 _aP87
526 _aP86
526 _aP85
526 _aP77
526 _aP76
526 _aP35
650 0 4 _aEducación cristiana
_xFilosofía.
942 _2ddc
_cBOOK
949 _a268.01 D95
_wDEWEY
_c1
_i44486
_lCCODEBUL1
_mBUL
_r0
_sY
_tBOOK
_u2015-6-24
_xTEOLOGIA
_PP35
_0COMPRA
_o.STAFF. Colección General
994 _aC0
_bPEPRU
596 _a1
999 _a268.01 D95
_wDEWEY
_c21365
_i44486
_f2021-11-10
_g5
_lCCODEBUL1
_mBUL
_r0
_sY
_tBOOK
_u2015-6-24
_xTEOLOGIA
_PP35
_0COMPRA
_o.STAFF. Colección General
_d21365
980 _81
_gALBERTO SANCHEZ Responsable de Automatización